| 000 | 00911nam a2200229 i 4500 | ||
|---|---|---|---|
| 001 | 170796 | ||
| 003 | ES-MaACL | ||
| 005 | 20250917063059.0 | ||
| 008 | 090407s1954 sp |||| | spa d | ||
| 100 | 1 |
_aMaldonado, Juan de, _d1533-1583 _9162949 |
|
| 245 | 1 | 0 |
_aComentarios a los cuatro Evangelios. _nIII, _pEvangelio de San Juan / _cJuan de Maldonado ; versión castellana, introducciones y notas por Luis María Jiménez Font. |
| 246 | 3 | 0 | _aEvangelio de San Juan |
| 246 | 3 | 4 | _aComentarios a San Juan |
| 260 |
_aMadrid : _bEditorial Católica, _c1954. |
||
| 300 |
_aVII, 1047 p. ; _c20 cm. |
||
| 490 | 1 |
_aBiblioteca de autores cristianos ; _v112 |
|
| 630 | 0 | 4 |
_aBiblia. _pN.T. _pEvangelio según Juan- _vComentarios. _9144758 |
| 700 | 1 |
_aJiménez Font, Luis María. _966524 |
|
| 830 | 0 | 0 |
_aBiblioteca de autores cristianos _v112 _9178679 |
| 852 |
_aES-MaACL _jJ-110 |
||
| 999 |
_c170796 _d170796 |
||